MARC

LEADER 00000nam a2200000Ia 4500
001 16576
008 160829s9999 xx 000 0 cat d
020 |a 84-7794-691-4 
080 |a M-5-40 
100 |a Forn i Foxà, Manuel de   |9 32331 
245 |a Estratègies i territoris :  |b  els nous paradigmes /  |c [realització de l'estudi: Manuel de Forn] 
260 |a Barcelona :  |b Diputació de Barcelona, Xarxa de Municipis, Àrea de Promoció Econòmica i Ocupació, cop. 2004 
300 |a 185 p. :  |b  quadres, gràf., taules ;  |c 24 cm 
590 |a Annexos 
650 0 |a Planificació estratègica  |x Barcelona (Província)   |9 19782 
650 |a Administració local  |x Planificació   |9 23798 
650 |a Administració local  |x Barcelona (Província)  |x Organització  |9 26787 
710 1 |a Barcelona (Catalunya : Província).  |b Àrea de Promoció Econòmica i Ocupació  |9 17540 
901 |a Arxiu 
942 |n 1 
952 |0 0  |1 0  |4 0  |6 M540  |7 1  |9 41321  |a Arxiu  |b Arxiu  |d 2016-12-01  |l 0  |o M-5-40  |p 16576  |r 2016-12-01 00:00:00  |w 2016-12-01  |y ARXIU 
999 |c 43125  |d 43125